000
00293nam a22001337a 4500
008
170926b xxu||||| |||| 00| 0 eng d
020
_a
9780131711150
041
_a
eng
080
_2
9TH
_a
37
100
_a
46
101
_a
EDU
245
_a
ENGLISH FOR CAREERS
_c
SMITH,L.R
942
_2
udc
_c
BK
999
_c
29949
_d
29949